International Business and Multinational Enterprises
Enregistré dans:
| Auteur principal: | |
|---|---|
| Autres auteurs: | |
| Format: | Livre |
| Langue: | anglais |
| Publié: |
Homewood
IRWIN
1989
|
| Édition: | 4. ed. |
| Sujets: | |
| Tags: |
Pas de tags, Soyez le premier à ajouter un tag!
|
MARC
| LEADER | 00000nam a2200000 4500 | ||
|---|---|---|---|
| 001 | c009621 | ||
| 005 | 20221206131359.8 | ||
| 020 | |a 0-256-03634-9 | ||
| 041 | 0 | |a eng | |
| 044 | |a US | ||
| 245 | 1 | 0 | |a International Business and Multinational Enterprises |c Stefan H. Robock, Kenneth Simmonds |
| 250 | |a 4. ed. | ||
| 264 | 1 | |a Homewood |b IRWIN |c 1989 | |
| 300 | |a 826 s. | ||
| 610 | 2 | 0 | |a obchod medzinárodný |
| 610 | 2 | 0 | |a podnik medzinárodný |
| 610 | 2 | 0 | |a trh finančný |
| 610 | 2 | 0 | |a investície zahraničné |
| 610 | 2 | 0 | |a financie medzinárodné |
| 610 | 2 | 0 | |a spoločnosti nadnárodné |
| 100 | 1 | |a Robock, Stefan H. | |
| 700 | 1 | |a Simmonds, Kenneth | |